الصخور و المعادن / (رقم التسجيلة. 64582)

تفاصيل مارك
000 -LEADER
fixed length control field 00543nam a22001817a 4500
005 - DATE AND TIME OF LATEST TRANSACTION
control field 20251108171849.0
008 - FIXED-LENGTH DATA ELEMENTS--GENERAL INFORMATION
fixed length control field 250721s1974 xx 000 0 ara d
082 14 - DEWEY DECIMAL CLASSIFICATION NUMBER
Classification number ط/552/واي
100 1# - MAIN ENTRY--PERSONAL NAME
Personal name وايت، ألان
245 10 - TITLE STATEMENT
Title الصخور و المعادن /
264 1# - PRODUCTION, PUBLICATION, DISTRIBUTION, MANUFACTURE, AND COPYRIGHT NOTICE
Place of production, publication, distribution, manufacture بيروت :
Name of producer, publisher, distributor, manufacturer مكتبة لبنان،
Date of production, publication, distribution, manufacture, or copyright notice 1974.
300 ## - PHYSICAL DESCRIPTION
Extent 50ص : مص
490 0# - SERIES STATEMENT
Series statement سلسلة ليدبيرد : الطبيعة ؛ 1
650 17 - SUBJECT ADDED ENTRY--TOPICAL TERM
Topical term or geographic name as entry element الصخور
700 1# - ADDED ENTRY--PERSONAL NAME
Personal name جويجاتي، سعد الله
Relator term ترجمة
942 ## - ADDED ENTRY ELEMENTS (KOHA)
Source of classification or shelving scheme Dewey Decimal Classification
Koha item type كتب
المقتنيات
حالة السحب حالة الفقدان مصدر التصنيف حالة التلف غير قابل للإعارة المكتبة الرئيسية المكتبة الحالية موقع الرف تاريخ التزويد الرقم المتسلسل Total Checkouts رقم الإستدعاء تاريخ آخر ظهور تاريخ الفاتورة نوع المادة (كوها)
    Dewey Decimal Classification Unchecked   مكتبة الجويدة مكتبة الجويدة الأطفال 06/07/2004 455   ط/552/واي 28/07/2025 06/07/2004 كتب
    Dewey Decimal Classification Unchecked   مكتبة الحسن العامة مكتبة الحسن العامة الأطفال 06/07/2004 824   ط/552/واي 28/07/2025 06/07/2004 كتب
    Dewey Decimal Classification Unchecked   مكتبة الحسن العامة مكتبة الحسن العامة الأطفال 06/07/2004 823   ط/552/واي 28/07/2025 06/07/2004 كتب
Implemented & Customized by: BBB with SCIT (Smart Chains for Information Technology)

Powered by Koha